Compendios de medicina y cirugía... ginecología / (Record no. 55328)

MARC details
000 -LEADER
campo de control de longitud fija 00619nam a2200181 i 4500
001 - NÚMERO DE CONTROL
campo de control 55328
003 - IDENTIFICADOR DE NÚMERO DE CONTROL
campo de control ES-MaACL
005 - FECHA Y HORA DE LA ÚLTIMA TRANSACCIÓN
campo de control 20230906163125.0
007 - CAMPO FIJO DE DESCRIPCIÓN FÍSICA--INFORMACIÓN GENERAL
campo de control de longitud fija t|
008 - DATOS DE LONGITUD FIJA--INFORMACIÓN GENERAL
campo de control de longitud fija 030917s1928 sp ||||1| spa d
100 1# - ENTRADA PRINCIPAL--NOMBRE DE PERSONA
Nombre de persona Deniker, Michel.
9 (RLIN) 43693
245 10 - MENCIÓN DEL TÍTULO
Título Compendios de medicina y cirugía... ginecología /
Mención de responsabilidad, etc. por Michel Deniker y Lucienne Meurs ; traducido por Antonio de Soroa y Pineda.
260 ## - PUBLICACIÓN, DISTRIBUCIÓN, ETC.
Lugar de publicación, distribución, etc. Madrid :
Nombre del editor, distribuidor, etc. [s.n.],
Fecha de publicación, distribución, etc. 1928 (
Fabricante Imp. Cervantina)
300 ## - DESCRIPCIÓN FÍSICA
Extensión VIII, 9-161 p. ;
Dimensiones 17 cm.
700 1# - ENTRADA AGREGADA--NOMBRE PERSONAL
Nombre de persona Meurs, Lucienne.
9 (RLIN) 80765
700 0# - ENTRADA AGREGADA--NOMBRE PERSONAL
Nombre de persona Soroa y Pineda, Antonio de.
9 (RLIN) 107413
852 ## - LOCALIZACIÓN
Ubicación ES-MaACL
Número de control de estantería B-9755
Sublocalización o colección R.18546
Holdings
Estatus retirado Estado de pérdida Estado de daño No para préstamo Biblioteca de origen Biblioteca actual Ubicación en estantería Fecha de adquisición Fuente de adquisición Total de préstamos Signatura topográfica completa Código de barras Visto por última vez Precio de reemplazo Tipo de ítem Koha
        Biblioteca del Ateneo de Madrid Biblioteca del Ateneo de Madrid Sala Pardo Bazán 17/01/2008     B-9755 1058130 23/02/2023 23/02/2023 Libro impreso